Представление документа в формате RUSMARC

ПолеНазваниеЗначение
  Тип записи a
  Библиографический уровень a
001 Контрольный номер RU/CBS_UL/BASE/4031694753104bb1874ad560bf0f40d8
005 Дата корректировки 20251122175958.6
100 Данные общей обработки __
a Данные общей обработки 20251122 ||| 0rusy0189 ca
101 Язык документа 0_
a Язык текста rus
102 Страна публикации __
a Страна публикации RU
200 Заглавие и сведения об ответственности 1_
a Заглавие Как привить ребёнку любовь к музыке?
e Сведения, относящиеся к заглавию [о приобщении детей к музыке в семье]
300 Общие примечания __
a Общие примечания 16+
461 Уровень набора _0
1 2000
a Дарья
463 Уровень физической единицы _0
1 2000
a № 22
v С. 12 : фот.
1 2101
d 2025
1 001RU/CBS_UL/BASE/f8dd19e03975457b875d578983ef9c3f
606 Тематические рубрики 0_
a Основная рубрика Семейное воспитание - Приобщение к музыке
610 Ключевые слова 0_
a Ключевые слова семейное воспитание, воспитание детей в семье, приобщение к музыке, семья и музыка, знакомство с классической музыкой, музыкальное образование
686 Индексы других классификаций __
2 Код системы rubbk
a Классификационный индекс 74.9
702 Вторичная интеллектуальная ответственность _1
a Фамилия Как привить ребёнку любовь к музыке?
801 Источник записи _0
a Страна RU
b Организация МБУК ЦБС г. Ульяновска
c Дата составления 20251122
g Правила каталогизации RCR
801 Источник записи _1
a Страна RU
b Организация МБУК ЦБС г. Ульяновска
c Дата составления 20251122
g Правила каталогизации RCR
901 Тип документа __
t Тип документа b
w Контрольный № источника RU/CBS_UL/BASE/f8dd19e03975457b875d578983ef9c3f
909 Создатель записи __
a Создатель записи lib1